English Pronunciation in use: intermediate (Record no. 11419)
[ view plain ]
| 000 -LEADER | |
|---|---|
| fixed length control field | 00502nam a2200169 a 4500 |
| 020 ## - INTERNATIONAL STANDARD BOOK NUMBER | |
| ISBN | 0521001854 (paperback) |
| 020 ## - INTERNATIONAL STANDARD BOOK NUMBER | |
| ISBN | 9780521001854 (paperback) |
| 100 1# - MAIN ENTRY--AUTHOR NAME | |
| Personal name | Hancock, Mark. |
| 245 10 - TITLE STATEMENT | |
| Title | English Pronunciation in use: intermediate |
| 250 ## - EDITION STATEMENT | |
| Edition statement | 10th Edition. |
| 260 ## - PUBLICATION, DISTRIBUTION, ETC. (IMPRINT) | |
| Place of publication | [S.l.] : |
| Name of publisher | Cambridge University Press, |
| Year of publication | 2009. |
| 300 ## - PHYSICAL DESCRIPTION | |
| Number of Pages | 200 p. ; |
| 650 ## - SUBJECT ADDED ENTRY--TOPICAL TERM | |
| Topical Term | English language--Pronunciation |
| 650 ## - SUBJECT ADDED ENTRY--TOPICAL TERM | |
| Topical Term | English language |
| 856 40 - ELECTRONIC LOCATION AND ACCESS | |
| Uniform Resource Identifier | http://10.10.170.122:8080/browse/book/794 |
| 942 ## - ADDED ENTRY ELEMENTS (KOHA) | |
| Koha item type | Books |
| Withdrawn status | Lost status | Home library | Current library | Date acquired | Cost, normal purchase price | Full call number | Accession Number | Koha item type | Collection code |
|---|---|---|---|---|---|---|---|---|---|
| Lost and Paid For | Central Library, QUEST, Nawabshah | Central Library, QUEST, Nawabshah | 12/11/2014 | 814.00 | 428.2HAN | 36979 | Books | ||
| Central Library, QUEST, Nawabshah | Central Library, QUEST, Nawabshah | 12/11/2014 | 814.00 | 428.2HAN | 36980 | Books | |||
| Central Library, QUEST, Nawabshah | Central Library, QUEST, Nawabshah | 12/11/2014 | 814.00 | 428.2HAN | 36982 | Books | |||
| Reference Section | Reference Section | 12/11/2014 | 814.00 | 428.2HAN (Shelf - 25A) | 36981 | Books | Reference | ||
| Seminar Library, Department of English | Seminar Library, Department of English | 12/11/2014 | 814.00 | 428.2HAN | 36975 | Books | |||
| Seminar Library, Department of English | Seminar Library, Department of English | 12/11/2014 | 814.00 | 428.2HAN | 36976 | Books | |||
| Central Library, QUEST, Nawabshah | Stacks area | 12/11/2014 | 814.00 | 428.2HAN | 36977 | Books | |||
| Central Library, QUEST, Nawabshah | Stacks area | 12/11/2014 | 814.00 | 428.2HAN | 36978 | Books | |||
| Central Library, QUEST, Nawabshah | Stacks area | 12/11/2014 | 814.00 | 428.2HAN | 36983 | Books | |||
| Central Library, QUEST, Nawabshah | Stacks area | 12/11/2014 | 814.00 | 428.2HAN | 36984 | Books |